Largest Washington State Cities by Population (2025) - Statistics

General Stats
  • This quiz has been taken 10 times
  • The average score is 55 of 91
Answer Stats
#
Population County(s) City % Correct
5 155,024 King Bellevue
100%
1 791,093 King Seattle
100%
2 230,960 Spokane Spokane
100%
4 200,919 Clark Vancouver
100%
56,436 Thurston Olympia
89%
84,400 King Redmond
89%
8 109,422 Spokane Spokane Valley
89%
3 230,313 Pierce Tacoma
89%
33,807 Walla Walla Walla Walla
89%
96,857 Whatcom Bellingham
78%
7 113,540 Snohomish Everett
78%
6 136,586 King Kent
78%
33,714 Whitman Pullman
78%
105,245 King Renton
78%
66,230 King Sammamish
78%
68,108 King Shoreline
78%
97,466 Yakima Yakima
78%
17,045 Grays Harbor Aberdeen
67%
85,130 King, Pierce Auburn
67%
24,563 Kitsap Bainbridge Island
67%
45,707 Kitsap Bremerton
67%
19,227 Lewis Centralia
67%
33,286 King Des Moines
67%
20,838 Kittitas Ellensburg
67%
100,066 King Federal Way
67%
39,554 King Issaquah
67%
87,410 Benton Kennewick
67%
96,188 King Kirkland
67%
59,114 Thurston Lacey
67%
25,190 King Mercer Island
67%
27,352 Grant Moses Lake
67%
82,733 Franklin Pasco
67%
20,139 Clallam Port Angeles
67%
12,708 Kitsap Poulsbo
67%
42,430 Pierce Puyallup
67%
65,242 Benton Richland
67%
10,624 Snohomish Snohomish
67%
13,664 King Snoqualmie
67%
21,608 King Tukwila
67%
35,350 Chelan Wenatchee
67%
18,264 Skagit Anacortes
56%
23,482 Clark Battle Ground
56%
52,669 King, Snohomish Bothell
56%
52,058 King Burien
56%
42,880 Snohomish Edmonds
56%
17,096 Whatcom Ferndale
56%
11,080 Pierce Fife
56%
12,782 Pierce Gig Harbor
56%
41,909 Snohomish Lake Stevens
56%
62,481 Pierce Lakewood
56%
38,400 Cowlitz Longview
56%
28,669 King Maple Valley
56%
77,516 Snohomish Marysville
56%
26,176 Snohomish Mountlake Terrace
56%
35,352 Skagit Mount Vernon
56%
21,246 Snohomish Mukilteo
56%
24,046 Island Oak Harbor
56%
19,995 Kitsap Port Orchard
56%
10,768 Jefferson Port Townsend
56%
34,683 King SeaTac
56%
28,246 Thurston Tumwater
56%
35,224 Pierce University Place
56%
11,968 Thurston Yelm
56%
12,239 Spokane Airway Heights
44%
22,437 Snohomish Arlington
44%
22,175 Pierce Bonney Lake
44%
11,370 Skagit Burlington
44%
27,517 Clark Camas
44%
12,530 Spokane Cheney
44%
21,743 King Covington
44%
14,381 Douglas East Wenatchee
44%
13,764 Pierce Edgewood
44%
13,311 King, Pierce Enumclaw
44%
11,756 Yakima Grandview
44%
12,738 Cowlitz Kelso
44%
13,194 King Lake Forest Park
44%
13,657 Spokane Liberty Lake
44%
17,027 Whatcom Lynden
44%
42,359 Snohomish Lynnwood
44%
21,013 Snohomish Mill Creek
44%
19,902 Snohomish Monroe
44%
13,053 King Newcastle
44%
16,480 Clark Ridgefield
44%
10,812 Mason Shelton
44%
10,941 Pierce Sumner
44%
19,428 Benton West Richland
44%
14,058 King Woodinville
44%
24,234 King Kenmore
33%
13,403 Skagit Sedro-Woolley
33%
16,297 Yakima Sunnyside
33%
18,167 Clark Washougal
33%
No matching quizzes found
Score Distribution
Percent of People with Each Score
Percentile by Number Answered
Your Score History
You have not taken this quiz